000 00819nam a22002417a 4500
003 URS
005 20250828100454.0
008 250331b ||||| |||| 00| 0 eng d
040 _cURS
050 _aLB1735
_b.A46 1986
245 _aBuilding multidisciplinary training networks for rural development: report
264 _c©1986
336 _2rdacontent
_atext
337 _2rdamedia
_aunmediated
338 _2rdacarrier
_avolume
650 0 _911900
_aTeachers,
_xTraining of -- Asia
650 0 _911901
_aTeachers,
_xTraining of -- Island of the Pacific
650 0 _911902
_aTeachers
_xIn-service -- Asia
650 0 _911903
_aTeachers
_xIn-service training -- Islands of the Pacific
650 0 _911904
_aRural Development
_xAsia
650 0 _911905
_aRural Development
_xIslands of the Pacific
942 _2lcc
_cCR
999 _c84724
_d84722